| 000 | 01023nam a22002777a 4500 | ||
|---|---|---|---|
| 999 |
_c21660 _d21660 |
||
| 003 | AR-CdUCM | ||
| 008 | 190319b ||||| |||| 00| 0 spa d | ||
| 020 | _a9786123180720 | ||
| 040 |
_aMUNICIPALIDAD PROVINCIAL DEL CUSCO _cBIBLIOTECA MUNICIPAL DEL CUSCO |
||
| 082 |
_a658.15/L67 _bL67 |
||
| 100 |
_aLira Briceño, Paúl _945705 |
||
| 245 |
_aApuntes de finanzas operativas : _clo básico para saber operar una empresa financieramente / _bPaúl Lira Briceño |
||
| 260 |
_aLima ; _bUniversidad Peruana de Ciencias Aplicadas, _c2016. |
||
| 300 |
_a141 Páginas. : _bilustraciones ; _c24 cm. |
||
| 500 | _zBibliografía: p. 141 | ||
| 650 |
_aAdministración financiera _928979 |
||
| 650 |
_aAnálisis financiero _944699 |
||
| 650 |
_aEmpresas _95583 |
||
| 650 |
_aDerecho comercial _945706 |
||
| 650 |
_aFinanzas _94496 |
||
| 650 |
_aEstudio y enseñanza _92610 |
||
| 650 |
_aInterpretación y aplicación _98705 |
||
| 710 |
_aUniversidad Peruana de Ciencias Aplicadas _945331 |
||
| 942 |
_2ddc _cLIBROS |
||
| 945 | _aRoel | ||